Nuestro Mundo es un Proyecto Solidario /
Gorde:
| Egile korporatiboa: | , |
|---|---|
| Formatua: | Texto |
| Argitaratua: |
Madrid:
Fundación Pay y Solidaridad Serafín Aliaga
|
| Etiketak: |
Etiketa erantsi
Etiketarik gabe, Izan zaitez lehena erregistro honi etiketa jartzen!
|
MARC
| LEADER | 00000 a a2200000 04500 | ||
|---|---|---|---|
| 001 | 23139 | ||
| 003 | |||
| 040 | |||
| 090 | |a 159800 | ||
| 110 | |a Ministerio de Asuntos Exteriores | ||
| 245 | |a Nuestro Mundo es un Proyecto Solidario / |c Ministerio de Asuntos Exteriores | ||
| 260 | |a Madrid: |b Fundación Pay y Solidaridad Serafín Aliaga | ||
| 300 | |a 32 p. | ||
| 710 | |a Fundación paz y Solidaridad | ||
| 999 | |c 5323 |d 5323 | ||
